书目信息 |
| 题名: |
冶金物理化学研究方法
|
|
| 作者: | 王常珍 编 | |
| 分册: | ||
| 出版信息: | 北京 冶金工业出版社 1982 |
|
| 页数: | 480页 | |
| 开本: | 25cm | |
| 丛书名: | ||
| 单 册: | ||
| 中图分类: | TF01 | |
| 科图分类: | ||
| 主题词: | 冶金-物理化学--理论 , 物理化学-冶金--理论 | |
| 电子资源: | ||
| ISBN: | ||
| 000 | 00680nam0 2200253 45 | |
| 001 | 0182010869 | |
| 005 | 20060725153644.73 | |
| 010 | @dCNY6.20 | |
| 091 | @a15062.3848 | |
| 100 | @a19950515d1982 em y0chiy0121 ea | |
| 101 | 0 | @achi |
| 102 | @aCN@b110000 | |
| 105 | @ay z 000yy | |
| 200 | 10 | @a冶金物理化学研究方法@Aye jin wu li hua xue yan jiu fang fa@f王常珍编 |
| 210 | @a北京@c冶金工业出版社@d1982 | |
| 215 | @a480页@d25cm | |
| 300 | @a高等学校教学用书 | |
| 606 | @a冶金-物理化学@x理论 | |
| 606 | @a物理化学-冶金@x理论 | |
| 690 | @aTF01@v3 | |
| 701 | 0 | @a王常珍@Awang chang zhen@4编 |
| 801 | 2 | @aCN@bNLC@c20060725 |
| 801 | 0 | @aCN@bTSSF |
| 905 | @a10447@dTF01@e10 | |
| 冶金物理化学研究方法/王常珍编.-北京:冶金工业出版社,1982 |
| 480页;25cm |
| 高等学校教学用书 |
| ISBN :CNY6.20 |
| ● |
| 相关链接 |
|
|
|
|
正题名:冶金物理化学研究方法
索取号:TF01/10
 
预约/预借
| 序号 | 登录号 | 条形码 | 馆藏地/架位号 | 状态 | 备注 |
| 1 | 0438413 | 204384139 | 密集书库/ [索取号:TF01/10] | 在馆 |